000 00237nam a2200097Ia 4500
001 707025
005 20250826162500.0
008 250824s9999 xx 000 0 und d
245 0 _aCAFER EFE
_cİSMAİL BİLGİN
260 _bTİMAŞ YAYINLARI
999 _c707025
_d707025